[Event "Turkish Championship 2019"]
[Site "Antalya-Kemer"]
[Date "2019.12.02"]
[Round "10.1"]
[White "Gokerkan, Cem Kaan"]
[Black "Haznedaroglu, Kivanc"]
[Result "1-0"]
[WhiteElo "2452"]
[BlackElo "2461"]
[Annotator "TA"]
[PlyCount "59"]
[EventDate "2019.11.23"]
[EventType "tourn"]
[EventCountry "TUR"]
[SourceTitle "playchess.com"]
[Source "ChessBase"]
[SourceQuality "1"]

{[%evp 12,87,43,48,73,77,80,70,66,54,70,79,90,31,16,16,16,18,26,12,14,5,23,18,12,-7,0,-4,43,43,54,54,63,62,70,23,63,0,0,0,0,0,97,45,393,16,266,273,241,195,195,195,195,195,183,194,242,213,219,214,207,215,571,571,560,564,560,554,640,640,640,640,640,640,635,625,549,506]} 1. e4 e5 2. Nf3 Nc6 3. Bc4 Be7 4. d4 d6 5. dxe5 dxe5 6. Qxd8+ Bxd8 7. Nc3 f6 {C50: Hungarian Defence and Giuoco Pianissimo} 8. a3 (8. Be3 Na5 9. Be2 Be6 10. Nd2 Ne7 11. a3 Nc8 12. b4 Nc6 13. Bc4 Bxc4 14. Nxc4 Nb6 15. Nxb6 axb6 {½-½ (45) Sveshnikov,E (2517)-Hebden,M (2540) Katerini 2014}) 8... Nge7 9. Be3 Ng6 {White is slightly better.} 10. O-O-O $146 ({Predecessor:} 10. Nd5 Nce7 11. h3 Nxd5 12. exd5 Bd7 13. O-O-O Be7 14. Bb3 b6 15. Rhg1 {½-½ (41) Bogoljubow,E-Kieninger,G Bad Elster 1938}) 10... Nf8 11. Nd2 a6 12. f4 ({White should play} 12. Nb3 $16) 12... exf4 $14 13. Bxf4 Ng6 14. Bg3 Nce5 15. Bb3 h5 16. h3 h4 17. Bh2 c6 18. Na4 b5 19. Nc5 Ke7 20. Nf3 Bb6 21. Nd3 $36 {[%cal Rf3e5][%mdl 2048] White has the initiative.} Nxd3+ 22. Rxd3 {[%cal Bd1d3,Bd3c3,Bc3c5][%mdl 32]} Rd8 23. Rc3 c5 24. Bg1 (24. Bd5 $14 Ra7 25. Bb8) 24... Nf4 $11 {Hoping for ...Ne2+.} 25. Bxc5+ Bxc5 26. Rxc5 Nxg2 (26... Kd6 $11 {keeps the balance.} 27. Rd1+ Kxc5 28. Rxd8 Bb7) 27. Bd5 (27. Rh5 $16 {Black must now prevent Rh7.} Be6 28. Rh7 (28. Nxh4 Nxh4 29. Bxe6 Kxe6 $11)) 27... Ra7 $2 {[%mdl 8192]} ({Black should try} 27... Rb8 $1 $14) 28. Nd4 $2 (28. Rg1 $18) 28... Kd6 $2 {[#]} (28... Kf8 $11 {and Black stays safe.}) 29. b4 $1 $18 {Strongly threatening Nc6.} Rc7 30. Nc6 {Played: e4-e5} 1-0

[Event "Turkish Championship 2019"]
[Site "Antalya-Kemer"]
[Date "2019.12.02"]
[Round "10.2"]
[White "Cansun, Can Alp"]
[Black "Ozen, Deniz"]
[Result "0-1"]
[WhiteElo "2203"]
[BlackElo "2422"]
[Annotator "ChessBase"]
[PlyCount "168"]
[EventDate "2019.11.23"]
[EventType "tourn"]
[EventCountry "TUR"]
[SourceTitle "playchess.com"]
[Source "ChessBase"]
[SourceQuality "1"]
[TimeControl "40/5400+30:1800+30"]

1. e4 {[%emt 0:00:30]} e6 {[%emt 0:00:30]} 2. d4 {[%emt 0:00:30]} d5 {[%emt 0:00:30]} 3. Nd2 {[%emt 0:00:30]} c5 {[%emt 0:00:30]} 4. exd5 {[%emt 0:00:30]} Qxd5 {[%emt 0:00:30]} 5. Ngf3 {[%emt 0:00:00]} cxd4 {[%emt 0:00:00]} 6. Bc4 {[%emt 0:00:00]} Qd7 {[%emt 0:00:00]} 7. O-O {[%emt 0:00:00]} Nc6 {[%emt 0:00:00]} 8. Nb3 {[%emt 0:00:00]} a6 {[%emt 0:00:00]} 9. Nbxd4 {[%emt 0:00:00]} Nxd4 {[%emt 0:00:30]} 10. Nxd4 {[%emt 0:00:00]} Qc7 {[%emt 0:00:30]} 11. Bb3 {[%emt 0:00:00]} Bd6 {[%emt 0:01:30]} 12. Re1 {[%emt 0:09:00]} Ne7 {[%emt 0:04:30]} 13. h3 {[%emt 0:08:30]} O-O {[%emt 0:01:30]} 14. c3 {[%emt 0:03:30]} Ng6 {[%emt 0:11:30]} 15. Qf3 {[%emt 0:05:30]} Rb8 {[%emt 0:11:30]} 16. a4 {[%emt 0:05:30]} b6 {[%emt 0:05:30]} 17. Bc2 {[%emt 0:02:30]} Bb7 {[%emt 0:02:30]} 18. Be4 {[%emt 0:06:30]} Bxe4 {[%emt 0:03:30]} 19. Qxe4 {[%emt 0:00:30]} Qb7 {[%emt 0:06:30]} 20. b3 {[%emt 0:04:30]} Qxe4 {[%emt 0:03:30]} 21. Rxe4 {[%emt 0:00:30]} Ne7 {[%emt 0:03:30]} 22. Nf3 {[%emt 0:17:30]} Rfc8 {[%emt 0:06:30]} 23. Bd2 {[%emt 0:02:30]} Nc6 {[%emt 0:06:30]} 24. Ree1 {[%emt 0:12:30]} h6 {[%emt 0:06:30]} 25. Red1 {[%emt 0:00:30]} Be7 {[%emt 0:04:30]} 26. Rab1 {[%emt 0:02:08]} Bf6 {[%emt 0:00:30]} 27. c4 {[%emt 0:04:03]} Rb7 {[%emt 0:02:11]} 28. b4 {[%emt 0:03:24]} Ne7 {[%emt 0:04:51]} 29. Rdc1 {[%emt 0:00:28]} Rbc7 {[%emt 0:02:13]} 30. Be3 {[%emt 0:04:11]} Rxc4 {[%emt 0:00:44]} 31. Rxc4 {[%emt 0:00:30]} Rxc4 {[%emt 0:00:00]} 32. Bxb6 {[%emt 0:00:00]} Nd5 {[%emt 0:00:31]} 33. Ba5 {[%emt 0:00:24]} Nc3 {[%emt 0:00:05]} 34. Re1 {[%emt 0:03:27]} Nxa4 {[%emt 0:00:14]} 35. Ne5 {[%emt 0:00:07]} Rc2 {[%emt 0:01:52]} 36. g3 {[%emt 0:01:04]} Nc3 {[%emt 0:00:31]} 37. Kf1 {[%emt 0:00:45]} Nd5 {[%emt 0:01:02]} 38. Nd3 {[%emt 0:01:36]} Bd4 {[%emt 0:03:02]} 39. Re2 {[%emt 0:01:42]} Rc3 {[%emt 0:00:42]} 40. Rd2 {[%emt 0:00:00]} Ra3 {[%emt 0:00:00]} 41. Nc1 {[%emt 0:05:11]} Ra1 {[%emt 0:09:32]} 42. Rxd4 {[%emt 0:01:30]} Rxc1+ {[%emt 0:00:00]} 43. Kg2 {[%emt 0:00:00]} Kf8 {[%emt 0:02:00]} 44. Rd2 {[%emt 0:00:00]} Rc8 {[%emt 0:06:30]} 45. Rb2 {[%emt 0:02:30]} Rb8 {[%emt 0:01:30]} 46. Kf3 {[%emt 0:03:30]} Ke7 {[%emt 0:00:30]} 47. Ke4 {[%emt 0:02:30]} Kd6 {[%emt 0:01:30]} 48. h4 {[%emt 0:03:30]} f5+ {[%emt 0:02:03]} 49. Kd3 {[%emt 0:00:30]} e5 {[%emt 0:00:18]} 50. Rb1 {[%emt 0:00:57]} Ne7 {[%emt 0:03:02]} 51. Ra1 {[%emt 0:03:15]} Nc6 {[%emt 0:02:27]} 52. Kc4 {[%emt 0:00:46]} Nd4 {[%emt 0:09:09]} 53. f4 {[%emt 0:02:04]} Rc8+ {[%emt 0:00:18]} 54. Kd3 {[%emt 0:00:07]} Nb5 {[%emt 0:00:50]} 55. fxe5+ {[%emt 0:02:34]} Kxe5 {[%emt 0:00:01]} 56. Bb6 {[%emt 0:01:44]} Rc3+ {[%emt 0:00:05]} 57. Kd2 {[%emt 0:00:38]} Ra3 {[%emt 0:01:35]} 58. Rxa3 {[%emt 0:02:32]} Nxa3 {[%emt 0:00:01]} 59. Kd3 {[%emt 0:00:01]} g6 {[%emt 0:02:22]} 60. Be3 {[%emt 0:00:37]} h5 {[%emt 0:00:19]} 61. Bc1 {[%emt 0:01:01]} Nb5 {[%emt 0:00:06]} 62. Bd2 {[%emt 0:06:08]} Kd5 {[%emt 0:00:36]} 63. Be3 {[%emt 0:00:14]} Nd6 {[%emt 0:00:46]} 64. Bf4 {[%emt 0:00:34]} Nc4 {[%emt 0:00:36]} 65. Kc3 {[%emt 0:03:13]} Ne5 {[%emt 0:00:48]} 66. Kb3 {[%emt 0:00:38]} Nc6 {[%emt 0:00:48]} 67. Kc3 {[%emt 0:01:20]} Nd4 {[%emt 0:01:47]} 68. Kd3 {[%emt 0:00:29]} Ne6 {[%emt 0:00:23]} 69. Bd2 {[%emt 0:00:15]} Nd8 {[%emt 0:00:19]} 70. Be1 {[%emt 0:00:37]} Nf7 {[%emt 0:00:54]} 71. Bc3 {[%emt 0:00:39]} g5 {[%emt 0:00:28]} 72. hxg5 {[%emt 0:00:48]} Nxg5 {[%emt 0:00:02]} 73. Bd2 {[%emt 0:00:00]} Nf3 {[%emt 0:00:22]} 74. Bc3 {[%emt 0:00:27]} Ng5 {[%emt 0:01:11]} 75. Bd2 {[%emt 0:00:19]} Ne4 {[%emt 0:00:24]} 76. Bf4 {[%emt 0:00:06]} Nf6 {[%emt 0:00:37]} 77. Bc1 {[%emt 0:01:28]} Ng4 {[%emt 0:00:11]} 78. Bf4 {[%emt 0:00:06]} Ne5+ {[%emt 0:00:29]} 79. Kc3 {[%emt 0:00:19]} Ke4 {[%emt 0:00:36]} 80. Bg5 {[%emt 0:00:57]} Kf3 {[%emt 0:00:39]} 81. Bf4 {[%emt 0:00:18]} h4 {[%emt 0:00:34]} 82. Bxe5 {[%emt 0:00:28]} h3 {[%emt 0:00:40]} 83. g4 {[%emt 0:00:06]} f4 {[%emt 0:00:43]} 84. g5 {[%emt 0:00:49]} h2 {[%emt 0:00:01]} 0-1

[Event "Turkish Championship 2019"]
[Site "Antalya-Kemer"]
[Date "2019.12.02"]
[Round "10.3"]
[White "Sevgi, Volkan"]
[Black "Sanal, Vahap"]
[Result "0-1"]
[WhiteElo "2325"]
[BlackElo "2545"]
[Annotator "TA"]
[PlyCount "52"]
[EventDate "2019.11.23"]
[EventType "tourn"]
[EventCountry "TUR"]
[SourceTitle "playchess.com"]
[Source "ChessBase"]
[SourceQuality "1"]

{[%evp 11,94,7,20,3,0,0,1,0,2,0,-4,-6,2,0,0,0,29,-24,0,0,0,0,0,0,0,0,0,0,0,0,0,0,0,-486,-478,-1208,-1204,-29989,-29990,-29990,-1212,-1304,-1028,-29993,-29990,-29990,-1111,-904,-820,-1209,-1197,-1337,-1320,-1163,-1134,-1325,-1272,-1221,-1364,-1364,-1343,-1305,-1281,-1202,-1136,-884,-856,-607,-543,-4133,-1105,-29970,-29970,-29960,-29963,-29975,-29976,-29974,-29977,-29977,-29978,-29977,-29976,-29976,-29977]} 1. e4 c5 2. Nc3 Nc6 3. g3 g6 4. Bg2 Bg7 5. d3 d6 6. Be3 f5 7. exf5 {B26: Closed Sicilian: 3 g3, lines with early Be3} Bxf5 8. h3 Nf6 9. Nge2 {The position is equal.} O-O 10. d4 $146 ({Predecessor:} 10. Qd2 Qa5 11. Nd5 Qxd2+ 12. Kxd2 Nxd5 13. Bxd5+ Kh8 14. c3 Rac8 {½-½ (73) Nyberg,W (2233)-Warzecha,H (1935) GER email 2004}) 10... cxd4 11. Nxd4 Nxd4 12. Bxd4 e5 13. Be3 Be6 14. O-O (14. Bg5 $142) 14... Qd7 15. Bg5 Rad8 16. Bxf6 Bxf6 17. Bd5 Kh8 $36 {[%mdl 2048] Black is pushing.} 18. Bxe6 Qxe6 19. Qd5 Qxh3 20. Qxb7 Rb8 21. Qxa7 Rb4 22. Qe3 $2 {[%mdl 8192]} (22. Rad1 $11) 22... Bd8 $1 $19 23. Ne2 (23. Qd3 $142 Rd4 24. Qb5) 23... Rf5 24. Nf4 exf4 25. Qc3+ Re5 (25... Kg8 $142 26. Qf3 fxg3 27. Qg2 gxf2+ 28. Rxf2 Rg5 $1 {[%mdl 512]} 29. Qxg5 Bxg5 30. Rf8+ {[%mdl 64] Decoy} Kxf8 31. Rf1+ Ke7 32. Re1+ Be3+ 33. Rxe3+ Qxe3+ 34. Kh2 Qf2+ {[%mdl 64] Double Attack} 35. Kh3 Rh4#) 26. Qf3 {[#]} Kg7 {Played: Bd8-b6} 0-1

[Event "Turkish Championship 2019"]
[Site "Antalya-Kemer"]
[Date "2019.12.02"]
[Round "10.4"]
[White "Yilmaz, Mustafa"]
[Black "Yuksel, Atilla Koksal"]
[Result "1-0"]
[WhiteElo "2605"]
[BlackElo "2250"]
[Annotator "TA"]
[PlyCount "61"]
[EventDate "2019.11.23"]
[EventType "tourn"]
[EventCountry "TUR"]
[SourceTitle "playchess.com"]
[Source "ChessBase"]
[SourceQuality "1"]

{[%evp 22,65,37,36,39,41,58,55,44,44,72,72,87,50,40,36,161,160,158,158,143,153,220,188,348,307,305,312,306,305,302,287,575,557,571,383,604,477,781,763,2725,820,799,781,709,616]} 1. d4 d5 2. c4 e6 3. Nc3 Nf6 4. cxd5 exd5 5. Bg5 Nbd7 6. e3 c6 7. Bd3 Be7 8. Qc2 O-O 9. Nf3 Re8 10. h3 Nf8 11. O-O g6 12. Bh6 Ne6 {D36: Queen's Gambit Declined: Exchange Variation: Main line (5 Bg5 c6 6 Qc2)} 13. Ne5 Ng7 14. g4 Nd7 {White is slightly better.} 15. f4 Bf8 (15... Bb4 16. Qf2 f6 17. Nf3 Nf8 18. Nh4 f5 19. Bxg7 Kxg7 20. gxf5 {½-½ (44) Leko,P (2669)-Sarana,A (2618) Moscow 2018}) 16. Qf2 f6 17. Nxd7 (17. Nf3 {looks sharper.} Nb6 18. Rae1 Be6 19. Kh1 Nc8 20. f5) 17... Bxd7 18. f5 $146 ({Predecessor:} 18. e4 dxe4 19. Nxe4 Be6 20. b3 {½-½ (44) Mohota,N (2337)-Zouhair,N Catalan Bay 2004}) 18... Nxf5 (18... gxf5 $14 19. Qh4 (19. gxf5 Qe7 $14) 19... Qe7) 19. Bxf8 $18 Nxe3 20. Bh6 $1 {[%cal Rh6e3]} Nxf1 21. Rxf1 ({Don't take} 21. Bxf1 $6 f5 $14) 21... Re6 {[#]} (21... b6 $16 22. Qxf6 Qxf6 23. Rxf6 Re6) 22. Ne2 $1 {[%mdl 1024] White has strong compensation.} Be8 $2 {[#]} (22... Qc7 23. Qh4 Rae8) 23. g5 $1 {[%mdl 512]} Bf7 {intending ...f5.} (23... fxg5 24. Qf8#) 24. gxf6 Qd6 25. a3 Rae8 26. Bf4 Qd7 $2 (26... Qd8 27. Bg5 Qb6) 27. Qh4 c5 28. dxc5 ({Not} 28. Qh6 Rxf6 29. Qg5 (29. dxc5 Be6 $14) 29... Qe7 $16) 28... d4 (28... Qa4 $142 29. Qf2 Rxf6) 29. Bd6 {White is clearly winning.} Re3 (29... Rxd6 $142 30. cxd6 Qxd6) 30. Qh6 {[%csl Gf6][%cal Rh6g7]} Bb3 {[#]} 31. Bxg6 {Played: Bd3-b5} 1-0

[Event "Turkish Championship 2019"]
[Site "Antalya-Kemer"]
[Date "2019.12.02"]
[Round "10.5"]
[White "Kamer, Kayra"]
[Black "Koksal, Ege"]
[Result "1-0"]
[WhiteElo "2329"]
[BlackElo "2375"]
[Annotator "TA"]
[PlyCount "59"]
[EventDate "2019.11.23"]
[EventType "tourn"]
[EventCountry "TUR"]
[SourceTitle "playchess.com"]
[Source "ChessBase"]
[SourceQuality "1"]

{[%evp 20,59,6,8,12,10,10,11,8,10,95,103,80,63,65,65,66,23,58,63,83,87,84,93,86,107,137,119,123,123,108,108,105,87,29993,29994,29995,29996,29996,29997,29997,616]} 1. e4 c6 2. d4 d5 3. exd5 cxd5 4. c4 Nf6 5. Nc3 e6 6. Nf3 Nc6 7. Bg5 Be7 8. c5 O-O 9. Bb5 Ne4 10. Bxe7 Nxe7 11. Rc1 b6 {B14: Caro-Kann: Panov-Botvinnik Attack with 5...e6 and 5...g6} 12. c6 Qd6 13. O-O a6 {White must now prevent ...Nxc3.The position is equal.} 14. Bd3 f5 (14... Nxc6 $11 {keeps the balance.} 15. Nxe4 (15. Bxe4 dxe4 16. Nxe4 Qd7 $11) 15... dxe4 16. Bxe4 Bb7) (14... Nxc6 15. Nxe4 dxe4 16. Bxe4 Bb7 17. d5 exd5 18. Qxd5 Rad8 19. Rxc6 Qxd5 20. Bxd5 {½-½ (33) Naiditsch,A (2712)-Rodshtein,M (2645) Porto Carras 2011}) 15. Ne5 $16 {[#]} Ra7 $146 ({Predecessor:} 15... Qb4 16. Qa4 a5 17. Rc2 Ng6 18. Nxg6 hxg6 19. c7 {1-0 (30) Hofstetter,H (2485)-Kauppala,P (2510) ICCF corr 2002}) 16. Na4 b5 $1 {[%cal Rb5a4]} 17. Nc5 Rc7 18. Ncd7 Bxd7 19. cxd7 ({Don't play} 19. Nxd7 Rfc8 $17) 19... Nf6 20. Rxc7 Qxc7 21. Qc1 $36 {[%mdl 2048] White has strong initiative.} Qd8 22. Re1 Kh8 23. b4 Nxd7 {[#]} 24. Nc6 $1 {[%cal Rc6d8]} Nxc6 25. Qxc6 {[%mdl 64] Double Attack} Nb8 26. Qxe6 Qc7 $2 {[%mdl 8192] [#]} (26... g6 $16) 27. Qxf5 $1 {[%cal Rf5f8][%mdl 576] Double Attack. White mates.} Kg8 (27... Rxf5 28. Re8+) 28. Qxh7+ Kf7 29. Qh5+ {[%mdl 64] Double Attack} Kg8 30. Bh7+ {Accuracy: White = 72%, Black = 51%.} 1-0

[Event "Turkish Championship 2019"]
[Site "Antalya-Kemer"]
[Date "2019.12.03"]
[Round "11.1"]
[White "Yuksel, Atilla Koksal"]
[Black "Kamer, Kayra"]
[Result "0-1"]
[WhiteElo "2250"]
[BlackElo "2329"]
[Annotator "TA"]
[PlyCount "90"]
[EventDate "2019.11.23"]
[EventType "tourn"]
[EventCountry "TUR"]
[SourceTitle "playchess.com"]
[Source "ChessBase"]
[SourceQuality "1"]

{[%evp 14,90,60,58,56,52,63,59,54,37,64,56,60,85,92,-53,-52,-64,-70,-65,-78,-110,-119,-79,-52,-73,-11,-22,-15,-161,-163,-149,-147,-151,-166,-178,-160,-151,-143,-178,-188,-169,-137,-260,-118,-200,-115,-124,-114,-112,-103,-211,-211,-514,-318,-329,-356,-412,-412,-412,-412,-372,-118,-157,-155,-158,-153,-161,-157,-157,-153,-642,-635,-638,-634,-610,-601,-29984,-29985]} 1. e4 c5 2. Nf3 e6 3. d4 cxd4 4. Nxd4 a6 5. c4 Nf6 6. Nc3 Qc7 7. a3 b6 8. Be3 Bb7 {B41: Sicilian: Kan Variation: 5 c4} 9. f3 Be7 (9... d6 10. Rc1 Nbd7 11. Be2 Rc8 12. O-O Be7 13. b4 Qb8 14. Qd2 Bd8 15. Kh1 h5 16. Nb3 {1-0 (36) Karjakin,S (2753)-Smirin,I (2609) St Petersburg 2018}) 10. Be2 O-O {White is slightly better.} 11. O-O d6 12. b4 b5 13. Rc1 $146 ({Predecessor:} 13. Qb3 bxc4 14. Qb2 Nbd7 15. b5 d5 16. exd5 Nxd5 17. Bf2 Bf6 18. Ne4 Be5 19. g3 {0-1 (41) Povill Claros,X (1872)-Ventura Bolet,M (2044) Barcelona 2014}) 13... bxc4 14. Na4 ({White should play} 14. Bxc4 $16 Qxc4 15. Nb1) 14... d5 $15 15. exd5 Nxd5 16. Bf2 c3 17. Nb3 Bg5 18. Rc2 Nd7 19. Na5 Bf6 (19... Rfc8 $17 {Hoping for ...Bc6.} 20. Bc4 Bd2) 20. Bd4 $11 {[%cal Ra4c3]} Rac8 {[%cal Ba8c8,Bc8c2,Bc2d2][%mdl 32]} 21. Kh1 (21. Bc4 $11 {and White has nothing to worry.}) 21... Bc6 $1 $19 {[%cal Rc6a4]} 22. Nxc3 {[#]} Ba4 $1 {[%cal Ra4c2][%mdl 576] Skewer} 23. Nxa4 Qxc2 24. Bg1 Qa2 25. Bxa6 Rc2 26. Bd3 Rd2 27. Qb1 Rxg2 $40 {[%mdl 128] Black goes for the king.} 28. Nc4 (28. Bxh7+ $17 Kh8 29. Be4) 28... Ne5 (28... g6 $19 {and Black stays clearly on top. ...Ra8 is the strong threat.} 29. Nc5 Nxc5 30. Qxa2 Rxa2 31. Bxc5 Rd8) 29. Bxh7+ $17 Kh8 30. Nab2 Rxb2 31. Nxb2 Qxa3 {[%mdl 64] White must now prevent ...g6. Double Attack} 32. Bc5 (32. f4 $17 {is a better defense.} Nc3 33. Qc2) 32... Rd8 $1 $19 {And now ...g6 would win.} 33. Nd3 $2 (33. Be4 {was the crucial defense.}) 33... Nc4 34. Qc1 Nc3 ({Not} 34... Kxh7 35. Qxc4 Kg8 36. Nf4 $17) 35. Qf4 Qa6 ({Weaker is} 35... Kxh7 36. Qxc4 Qa8 37. Nf4 $17) 36. Rc1 Kxh7 37. Rxc3 Ne5 $2 ({Stronger than} 37... Bxc3 38. Qh4+ Kg8 39. Qxd8+ Kh7 40. Qh4+ Kg8 41. Qd8+ Kh7 42. Qh4+ Kg8 43. Qd8+ $11) (37... Nd2 $19 38. Qxd2 Bxc3 39. Qxc3 Rxd3) 38. Nxe5 {[#]} Rd1+ $1 39. Bg1 {[#] Strongly threatening Qe4+.} Qa1 $1 {[%csl Ga1,LRc3,LRg1][%cal Rd1g1]} 40. Qg4 Rxg1+ $1 41. Qxg1 Qxc3 {[%mdl 64] Double Attack} 42. Nxf7 $2 (42. Qb1+ $17 Kg8 43. Nd3) 42... Qxf3+ 43. Qg2 Qd1+ 44. Qg1 Qh5 45. Qa7 Qd5+ {Accuracy: White = 38%, Black = 67%.} 0-1

[Event "Turkish Championship 2019"]
[Site "Antalya-Kemer"]
[Date "2019.12.03"]
[Round "11.2"]
[White "Sanal, Vahap"]
[Black "Yilmaz, Mustafa"]
[Result "1/2-1/2"]
[WhiteElo "2545"]
[BlackElo "2605"]
[Annotator "TA"]
[PlyCount "64"]
[EventDate "2019.11.23"]
[EventType "tourn"]
[EventCountry "TUR"]
[SourceTitle "playchess.com"]
[Source "ChessBase"]
[SourceQuality "1"]

{[%evp 9,64,6,6,10,10,10,1,0,0,0,23,0,6,3,14,0,29,28,38,3,16,8,0,0,23,0,0,0,0,0,0,0,0,0,0,0,0,0,0,-2,-1,-1,-3,-3,-3,0,0,-6,-7,0,0,-8,0,0,0,0,0]} 1. e4 c5 2. Nc3 d6 3. Bb5+ Bd7 4. Bxd7+ Qxd7 5. d4 cxd4 6. Qxd4 {B23: Closed Sicilian: Lines without g3} Nc6 7. Qd3 g6 8. Nf3 Bg7 9. O-O Nf6 10. Nd5 O-O 11. Bg5 Nh5 12. Rad1 $146 Rfe8 13. h3 Rad8 14. Qa3 h6 15. Bc1 e6 16. Ne3 Qe7 17. Rfe1 Nf6 {The position is equal.} 18. Ng4 Nxg4 19. hxg4 d5 20. exd5 Qxa3 21. bxa3 exd5 22. Rxe8+ Rxe8 23. Rxd5 Re4 24. g5 hxg5 25. Bxg5 Rc4 26. Rd7 Rxc2 27. Rxb7 Rxa2 28. Rc7 {[#] Strongly threatening Rc8+.} Ne5 29. Rxa7 Ng4 {( -> ...Ra1+)} 30. Rc7 Rxa3 31. Rc8+ Bf8 $1 32. Bd2 Rb3 {Accuracy: White = 57%, Black = 77%.} 1/2-1/2

[Event "Turkish Championship 2019"]
[Site "Antalya-Kemer"]
[Date "2019.12.03"]
[Round "11.3"]
[White "Ozen, Deniz"]
[Black "Sevgi, Volkan"]
[Result "1/2-1/2"]
[WhiteElo "2422"]
[BlackElo "2325"]
[Annotator "TA"]
[PlyCount "55"]
[EventDate "2019.11.23"]
[EventType "tourn"]
[EventCountry "TUR"]
[SourceTitle "playchess.com"]
[Source "ChessBase"]
[SourceQuality "1"]

{[%evp 13,55,20,21,19,14,23,23,28,26,23,23,25,24,29,26,23,24,17,35,23,27,23,28,25,56,50,54,39,39,34,31,35,45,29,43,27,26,0,41,0,27,0,41,0]} 1. e4 c6 2. d4 d5 3. Nc3 {[%cal Bb1c3,Bc3e4,Be4g3,Bg3h5,Bh5f4][%mdl 32]} dxe4 4. Nxe4 Bf5 5. Ng3 Bg6 6. Nh3 e6 7. Nf4 Bd6 8. Nfh5 {B18: Classical Caro-Kann: 4...Bf5 sidelines} (8. c3 Nf6 9. h4 Bxf4 10. Bxf4 h6 11. h5 Bh7 12. Bc4 O-O 13. O-O a5 14. Qf3 Nbd7 15. Rad1 a4 16. Be2 Re8 {1-0 (39) Svidler,P (2729)-Esipenko,A (2624) Khanty-Mansiysk 2019}) 8... Bxh5 9. Nxh5 g6 10. Nf4 {White has an edge.} Nd7 11. g3 Ne7 12. Bg2 Nf5 13. O-O O-O 14. c3 e5 $146 ({Predecessor:} 14... Re8 15. Nd3 a5 {½-½ (50) Sedina,E (2374)-Brunner,L (2492) Switzerland 1999}) 15. dxe5 Nxe5 16. Nd3 Nxd3 17. Qxd3 Be5 18. Qf3 Qf6 19. h4 Ng7 20. Qxf6 Bxf6 21. Be3 Nf5 22. Bf4 Rfe8 23. Rfe1 Ng7 24. Be3 Nf5 25. Bf4 Ng7 26. Be3 Nf5 27. Bf4 Ng7 28. Be3 {Accuracy: White = 53%, Black = 72%.} 1/2-1/2

[Event "Turkish Championship 2019"]
[Site "Antalya-Kemer"]
[Date "2019.12.03"]
[Round "11.4"]
[White "Haznedaroglu, Kivanc"]
[Black "Cansun, Can Alp"]
[Result "1-0"]
[WhiteElo "2461"]
[BlackElo "2203"]
[Annotator "RC"]
[PlyCount "115"]
[EventDate "2019.11.23"]
[EventType "tourn"]
[EventCountry "TUR"]
[SourceTitle "playchess.com"]
[Source "ChessBase"]
[SourceQuality "1"]
[TimeControl "40/5400+30:1800+30"]

1. e4 {[%emt 0:00:30]} c5 {[%emt 0:00:30]} 2. Nf3 {[%emt 0:00:30]} Nc6 {[%emt 0:00:30]} 3. d4 {[%emt 0:00:30]} cxd4 {[%emt 0:00:00]} 4. Nxd4 {[%emt 0:00:00]} Qb6 {[%emt 0:00:00]} 5. Nb5 {[%emt 0:04:00]} a6 {[%emt 0:00:30]} 6. Be3 {[%emt 0:00:30]} Qd8 {[%emt 0:00:30]} 7. Nd4 {[%emt 0:00:30]} Nf6 {[%emt 0:00:30]} 8. Nc3 {[%emt 0:00:00]} d6 {[%emt 0:03:30]} 9. f3 {[%emt 0:00:00]} e5 {[%emt 0:04:30]} 10. Nb3 {[%emt 0:07:30]} Be6 {[%emt 0:01:30]} 11. Nd5 {[%emt 0:01:30]} Bxd5 {[%emt 0:06:30]} 12. exd5 {[%emt 0:05:30]} Ne7 {[%emt 0:01:30]} 13. c4 {[%emt 0:00:30]} g6 {[%emt 0:03:30]} 14. Bd3 {[%emt 0:03:30]} Bg7 {[%emt 0:01:30]} 15. O-O {[%emt 0:00:30]} O-O {[%emt 0:01:30]} 16. Nd2 {[%emt 0:05:30]} Nh5 {[%emt 0:08:30]} 17. Qb3 {[%emt 0:03:30]} Nf4 {[%emt 0:04:30]} 18. Rfe1 {[%emt 0:03:30]} b5 {[%emt 0:06:30]} 19. Bf2 {[%emt 0:22:30]} bxc4 {[%emt 0:03:30]} 20. Nxc4 {[%emt 0:03:30]} Rb8 {[%emt 0:06:30]} 21. Qa3 {[%emt 0:00:00]} Nexd5 {[%emt 0:01:30]} 22. Bf1 {[%emt 0:05:00]} Nb4 {[%emt 0:03:30]} 23. Rac1 {[%emt 0:00:30]} d5 {[%emt 0:14:30]} 24. Nxe5 {[%emt 0:07:30]} Re8 {[%emt 0:00:30]} 25. Ng4 {[%emt 0:01:30]} Rxe1 {[%emt 0:02:30]} 26. Bxe1 {[%emt 0:00:30]} a5 {[%emt 0:12:16]} 27. Bg3 {[%emt 0:06:25]} Qb6+ {[%emt 0:05:03]} 28. Kh1 {[%emt 0:02:53]} g5 {[%emt 0:00:08]} 29. Bf2 {[%emt 0:03:59]} d4 {[%emt 0:00:32]} 30. Bg1 {[%emt 0:01:02]} Nbd5 {[%emt 0:01:14]} 31. g3 {[%emt 0:04:54]} Ne6 {[%emt 0:00:43]} 32. Bc4 {[%emt 0:02:06]} Rc8 {[%emt 0:01:10]} 33. b3 {[%emt 0:00:35]} Nc3 {[%emt 0:01:32]} 34. Qe7 {[%emt 0:04:07]} Qd8 {[%emt 0:03:07]} 35. Qxd8+ {[%emt 0:01:36]} Rxd8 {[%emt 0:00:30]} 36. Nf2 {[%emt 0:00:07]} Nxa2 {[%emt 0:00:35]} 37. Ra1 {[%emt 0:00:13]} Nb4 {[%emt 0:00:20]} 38. Rxa5 {[%emt 0:00:20]} Nc6 {[%emt 0:02:44]} 39. Rd5 {[%emt 0:01:37]} Ra8 {[%emt 0:00:35]} 40. Nd3 {[%emt 0:00:00]} h6 {[%emt 0:00:00]} 41. f4 {[%emt 0:07:36]} gxf4 {[%emt 0:06:31]} 42. gxf4 {[%emt 0:00:30]} Ra1 {[%emt 0:02:30]} 43. h4 {[%emt 0:10:38]} Ne7 {[%emt 0:07:08]} 44. Rb5 {[%emt 0:00:18]} Bf6 {[%emt 0:02:28]} 45. f5 {[%emt 0:06:47]} Nf8 {[%emt 0:10:16]} 46. Kg2 {[%emt 0:00:14]} Rd1 {[%emt 0:01:57]} 47. Bf2 {[%emt 0:01:11]} Rd2 {[%emt 0:02:30]} 48. Kf3 {[%emt 0:00:05]} Nc8 {[%emt 0:00:55]} 49. Bg3 {[%emt 0:00:42]} Nd7 {[%emt 0:00:42]} 50. Rb7 {[%emt 0:04:02]} Ncb6 {[%emt 0:00:05]} 51. Bb5 {[%emt 0:00:07]} Kg7 {[%emt 0:00:38]} 52. Bf4 {[%emt 0:02:35]} Rxd3+ {[%emt 0:00:35]} 53. Bxd3 {[%emt 0:00:07]} Nc5 {[%emt 0:00:41]} 54. Rxb6 {[%emt 0:00:07]} Nxd3 {[%emt 0:00:04]} 55. Bxh6+ {[%emt 0:00:30]} Kxh6 {[%emt 0:00:06]} 56. Rxf6+ {[%emt 0:00:02]} Kg7 {[%emt 0:00:06]} 57. Rd6 {[%emt 0:00:13]} Nc5 {[%emt 0:00:16]} 58. b4 {[%emt 0:00:07]} 1-0